Nonlinear Kalman Filtering for Force-Controlled Robot Tasks

This monograph focuses on how to achieve more robot autonomy by means of reliable processing skills. "Nonlinear Kalman Filtering for Force-Controlled Robot Tasks " discusses the latest developments in the areas of contact modeling, nonlinear parameter estimation and task plan optimization...

Full description

Bibliographic Details
Main Authors: Lefebvre, Tine (Author), Bruyninckx, Herman (Author), Schutter, Joris De (Author)
Corporate Author: SpringerLink (Online service)
Format: Electronic eBook
Language:English
Published: Berlin, Heidelberg : Springer Berlin Heidelberg, 2005.
Series:Springer Tracts in Advanced Robotics, 19
Subjects:
Online Access:Full Text via HEAL-Link
LEADER 03033nam a22005775i 4500
001 978-3-540-31504-9
003 DE-He213
005 20151204174303.0
007 cr nn 008mamaa
008 100806s2005 gw | s |||| 0|eng d
020 |a 9783540315049  |9 978-3-540-31504-9 
024 7 |a 10.1007/11533054  |2 doi 
040 |d GrThAP 
050 4 |a TJ210.2-211.495 
050 4 |a T59.5 
072 7 |a TJFM1  |2 bicssc 
072 7 |a TEC037000  |2 bisacsh 
072 7 |a TEC004000  |2 bisacsh 
082 0 4 |a 629.892  |2 23 
100 1 |a Lefebvre, Tine.  |e author. 
245 1 0 |a Nonlinear Kalman Filtering for Force-Controlled Robot Tasks  |h [electronic resource] /  |c by Tine Lefebvre, Herman Bruyninckx, Joris De Schutter. 
264 1 |a Berlin, Heidelberg :  |b Springer Berlin Heidelberg,  |c 2005. 
300 |a XVI, 266 p.  |b online resource. 
336 |a text  |b txt  |2 rdacontent 
337 |a computer  |b c  |2 rdamedia 
338 |a online resource  |b cr  |2 rdacarrier 
347 |a text file  |b PDF  |2 rda 
490 1 |a Springer Tracts in Advanced Robotics,  |x 1610-7438 ;  |v 19 
505 0 |a Introduction -- Literature Survey: Autonomous Compliant Motion -- Literature Survey: Bayesian Probability Theory -- Kalman Filters for Nonlinear Systems -- The Non-Minimal State Kalman Filter -- Contact Modelling -- Geometrical Parameter Estimation and CF Recognition -- Experiment: A Cube-In-Corner Assembly -- Task Planning with Active Sensing -- General Conclusions. 
520 |a This monograph focuses on how to achieve more robot autonomy by means of reliable processing skills. "Nonlinear Kalman Filtering for Force-Controlled Robot Tasks " discusses the latest developments in the areas of contact modeling, nonlinear parameter estimation and task plan optimization for improved estimation accuracy. Kalman filtering techniques are applied to identify the contact state based on force sensing between a grasped object and the environment. The potential of this work is to be found not only for industrial robot operation in space, sub-sea or nuclear scenarios, but also for service robots operating in unstructured environments co-habited by humans where autonomous compliant tasks require active sensing. 
650 0 |a Engineering. 
650 0 |a Artificial intelligence. 
650 0 |a System theory. 
650 0 |a Control engineering. 
650 0 |a Robotics. 
650 0 |a Mechatronics. 
650 0 |a Automation. 
650 1 4 |a Engineering. 
650 2 4 |a Robotics and Automation. 
650 2 4 |a Control, Robotics, Mechatronics. 
650 2 4 |a Artificial Intelligence (incl. Robotics). 
650 2 4 |a Systems Theory, Control. 
700 1 |a Bruyninckx, Herman.  |e author. 
700 1 |a Schutter, Joris De.  |e author. 
710 2 |a SpringerLink (Online service) 
773 0 |t Springer eBooks 
776 0 8 |i Printed edition:  |z 9783540280231 
830 0 |a Springer Tracts in Advanced Robotics,  |x 1610-7438 ;  |v 19 
856 4 0 |u http://dx.doi.org/10.1007/11533054  |z Full Text via HEAL-Link 
912 |a ZDB-2-ENG 
950 |a Engineering (Springer-11647)